1549 1771 1389 1574 1996 1424 1144 1819 1034 1994 1643 1198 1104 1514 1055 1466 1800 1402 1719 1510 1301 1257 1941 1049 1923 1881 1332 1326 1038 1241 1144 1698 1945 1133 1076 1379 1577 1822 1713 1492 1914 1201 1451 1682 1367 1584 1631 1454 1380 1240 1230 1834 1255 1324 1527 1604 1188 1687 1331 1129 1292 1209 1994 1499 1251 1832 1358 1288 1321 1582 1428 1289 1990 1255 1344 1019 1098 1559 1893 1466 1798 1625 1964 1769 1525 1132 1536 1569 1397 1848 1209 1377 1096 1399 1995 1133 1163 1948 1671 BCNSPRNW ULIB Ver.6.0+V

เปลี่ยนเป็นภาษาไทย

Change to English
 แสดงรายละเอียดบรรณานุกรม
  กลับหน้าหลัก

Brief Record : Get Marc (ISO 2709) : E-mail record : QR code < ปิดหน้าต่าง
LEADER : 00000nam 2200000uu 4500
001    13399129214
003     ULIB
008    260511s2026||||th 000 0 tha d
020    ^a9781975239169
060  4 ^aWY160^bV652P
100 1  ^aVidebeck, Sheila l.
245 1  ^aPsychiatric mental health nursing /^cSheila L. Videbeck.
250    ^a10th ed.
260    ^aPhiladelphia :^bWolters kluwer,^c2026.
300    ^axi, 526 p. :^bill. ;^c28 cm.
505 0  ^aUnit 1. Current theories and practice. 1, Foundation of psychiatric-mental health nursing. 2, Neurobiologic theories and psychopharmacology. 3, Psychosocial theories and therapy. 4, Treatment settings and therapeutic programs -- Unit 2. Building the nurse-client relationship. 5, Therapeutic relationships. 6, Therapeutic communication. 7, Client s response to illness. 8, Assessment -- Unit 3. Current social and emotional concerns. 9, Legal and ethical issues. 10, Grief and loss. 11, Anger, hostility, and aggression. 12, Abuse and violence -- Unit 4. Nursing practice for psychiatric disorder. 13, Trauma and stressor-related disorders. 14, Anxiety and anxiety disorders. 15, Obsessive-compulsive and related disorders. 16, Schizophrenia. 17, Mood disorders and suicide. 18, Personality disorders. 19, Addiction. 20, Eating disorders. 21, Somatic symptom illnesses. 22, Neurodevelopmental disorders. 23, Disruptive behavior disorders. 24, Cognitive disorders.
650  0 ^aMental Disorders^xNursing
650  0 ^aPsychiatric nursing.
650  0 ^aPsychiatric nursing.^xTextbooks
650  0 ^aPsychiatric nursing^xMethods
650  2 ^aNurse-patient relations
650  4 ^aMental health
999    ^aประนอม เกษจรัล
รายการนี้ยังไม่มีแท็ก
คุณยังไม่ได้ล็อกอิน คุณสามารถมีกิจกรรมร่วมกับเว็บไซต์ได้ แต่ต้องล็อกอินก่อน ::
  ล็อกอิน

รายการสื่อสารสนเทศ

ลำดับที่ ประเภท เลขเรียก/บาร์โค้ด สถานที่ สถานะ
1. Book การพยาบาล
หนังสือสำรอง
สถานะ=หนังสือสำรอง
WY160 V652P ฉ.1 
  Barcode: 012200
ห้องสมุดวิทยาเขตสวรรค์ประชารักษ์
►หนังสือทั่วไป
บนชั้น

รายการใกล้เคียง
    ผู้แต่ง [Videbeck, Sheila l.]

    หัวเรื่อง [Mental Disorders Nursing]
    หัวเรื่อง [Psychiatric nursing.]
    หัวเรื่อง [Nurse-patient relations]
    หัวเรื่อง [Mental health]

BibComment


ยังไม่เคยถูกคอมเมนท์

คอมเมนท์ทรัพยากรรายการนี้
  คอมเมนท์: Psychiatric ment..


 Copyright 2026. Bcnsprnw @Library